تحميل...
| LEADER | 00433cam a2200145ua 4500 | ||
|---|---|---|---|
| 020 | |a 81-85562-84-2 | ||
| 082 | |a 333.7 |b RTAJ/E | ||
| 245 | 0 | 0 | |a Environment and economic development/ |
| 250 | |a 1st. ed. | ||
| 260 | |a N.Delhi: |b Manak, |c 2000. | ||
| 300 | |a 445p.. | ||
| 650 | 0 | |a Ecology | |
| 942 | |c BK | ||
| 999 | |c 4066 |d 4066 | ||
| 952 | |0 0 |1 0 |4 0 |6 333_700000000000000_RTAJ |7 0 |9 4241 |a KUCL |b KUCL |d 2014-05-23 |l 0 |o 333.7 RTAJ/ |p 07214 |r 2014-05-23 |w 2014-05-23 |y BK | ||